[Event "Quebec-ch qual U1600"]
[Site "Montreal"]
[Date "2005.10.08"]
[Round "2"]
[White "Deschamps, Andre"]
[Black "Kalamba, Didier"]
[Result "0-1"]
[WhiteElo "1487"]
[BlackElo "1596"]
[PlyCount "69"]
[EventDate "2005.10.08"]
[EventType "swiss"]
[EventRounds "3"]
[EventCountry "CAN"]
[SourceTitle "EXT 2009"]
[Source "ChessBase"]
[SourceDate "2008.11.26"]
[SourceVersion "1"]
[SourceVersionDate "2008.11.26"]
[SourceQuality "1"]

1. d4 Nf6 2. c4 g6 3. Nc3 Bg7 4. e4 d6 5. f4 0-0 6. Nf3 c5 7. d5 e6 8. Be2 exd5 9. cxd5 Re8 10. Nd2 a6 11. a4 b6 12. Bf3 Bb7 13. 0-0 Qd7 14. h3 b5 15. axb5 axb5 16. Rxa8 Bxa8 17. Qb3 b4 18. Na4 Qa7 19. Kh1 Nbd7 20. Qc2 Bb7 21. b3 Ba6 22. Re1 Nxd5 23. Nc4 Bxc4 24. Qxc4 N5f6 25. Bb2 d5 26. Qc2 dxe4 27. Bxf6 Nxf6 28. Bxe4 Nxe4 29. Rxe4 Rxe4 30. Qxe4 Bd4 31. f5 Qb8 32. fxg6 hxg6 33. Qd5 Qg3 34. Nxc5 Qe1+ 35. Kh2 0-1